[Event "2. Bundesliga Ost 2016/2017"]
[Site "alle Wien"]
[Date "2017.01.14"]
[Round "6"]
[Board "1"]
[White "Hangweyrer, Manfred"]
[Black "Jankovic, Alojzije"]
[Result "1/2-1/2"]
[WhiteElo "2384"]
[BlackElo "2579"]
[PlyCount "232"]
[EventDate "2016.10.15"]
[EventType "team"]
[EventRounds "11"]
[EventCountry "AUT"]
[WhiteTeam "SK Austria"]
[BlackTeam "SK Advisory Invest Baden"]

1. e4 c5 2. Nc3 Nc6 3. g3 g6 4. Bg2 Bg7 5. d3 d6 6. Bg5 Rb8 7. Nge2 b5 8. Qd2
Nd4 9. h3 Qa5 10. Nxd4 cxd4 11. Ne2 Qb6 12. Qd1 Nf6 13. O-O O-O 14. c3 dxc3 15.
Nxc3 b4 16. Ne2 a5 17. Be3 Qb5 18. Nd4 Qd7 19. a3 b3 20. a4 Ne8 21. Nxb3 Bxb2
22. Rb1 Bf6 23. Nxa5 Rxb1 24. Qxb1 Qxa4 25. Nc4 Be6 26. Nb6 Qa6 27. d4 Nc7 28.
d5 Bc8 29. Rc1 Na8 30. Bf1 Qb7 31. Nxc8 Qxb1 32. Nxe7+ Bxe7 33. Rxb1 Nc7 34.
Rb7 Rc8 35. h4 Bd8 36. Bf4 Ne8 37. Bb5 Nf6 38. f3 Bc7 39. Bg5 Bd8 40. Bf4 Bc7
41. g4 Bb8 42. Bc6 Kg7 43. Kf2 h6 44. Ke3 Rd8 45. Kd3 Nh7 46. Be3 Nf8 47. Bd4+
Kg8 48. f4 Rc8 49. g5 hxg5 50. hxg5 Bc7 51. Bc3 Bd8 52. e5 Bc7 53. Ke4 dxe5 54.
fxe5 Bd8 55. Bd2 Nh7 56. Be8 Rc4+ 57. Kd3 Rc7 58. Rb8 Bxg5 59. Bc3 Bf4 60. Bc6+
Kg7 61. Ra8 Ng5 62. e6+ Kh6 63. Ba5 fxe6 64. Bxc7 Bxc7 65. Ke3 exd5 66. Bxd5
Nh7 67. Ra6 Nf8 68. Rf6 Nd7 69. Rf7 Bb6+ 70. Kf4 Nc5 71. Bc4 Ba5 72. Ke5 Kg5
73. Kd5 Bb4 74. Rf1 Nd7 75. Rg1+ Kh6 76. Bd3 Nf8 77. Rb1 Ba3 78. Rf1 Kg7 79.
Bc4 Bb4 80. Ke5 Bc3+ 81. Kf4 Bd4 82. Kg4 Bf6 83. Rd1 Be5 84. Rd5 Bc3 85. Rb5
Bd4 86. Rb7+ Kh6 87. Bg8 Bc5 88. Kf4 Bd6+ 89. Ke4 Kg5 90. Rf7 Kh6 91. Kd5 Ba3
92. Rf3 Bb4 93. Ke5 Be7 94. Bc4 Kg5 95. Bb5 Bb4 96. Rg3+ Kh6 97. Kf6 Nh7+ 98.
Kf7 Nf8 99. Bd3 Bc5 100. Bc2 Bb4 101. Rb3 Bc5 102. Rb5 Ba3 103. Rb6 Bc5 104.
Rc6 Bb4 105. Bxg6 Nxg6 106. Rxg6+ Kh5 107. Kf6 Kh4 108. Kf5 Kh3 109. Kf4 Kh2
110. Kf3 Bc5 111. Rg2+ Kh1 112. Rc2 Ba7 113. Ra2 Bb6 114. Rc2 Ba7 115. Kg3 Bb8+
116. Kh3 Ba7 1/2-1/2

[Event "2. Bundesliga Ost 2016/2017"]
[Site "alle Wien"]
[Date "2017.01.14"]
[Round "6"]
[Board "2"]
[White "Sharashenidze, Akaki"]
[Black "Higatsberger, Michael"]
[Result "1-0"]
[WhiteElo "2343"]
[BlackElo "2159"]
[PlyCount "57"]
[EventDate "2016.10.15"]
[EventType "team"]
[EventRounds "11"]
[EventCountry "AUT"]
[WhiteTeam "SK Advisory Invest Baden"]
[BlackTeam "SK Austria"]

1. Nf3 d5 2. g3 Nf6 3. Bg2 c6 4. O-O Bg4 5. b3 e6 6. Bb2 Nbd7 7. d3 Bd6 8. Nbd2
O-O 9. c4 Qe7 10. Qc2 h6 11. Rfe1 a5 12. a3 Rfd8 13. e4 dxe4 14. dxe4 e5 15. h3
Be6 16. Nf1 Nh7 17. Ne3 Ng5 18. Nxg5 Qxg5 19. Bc3 Bc5 20. h4 Qe7 21. Qb2 Bd4
22. Bxd4 exd4 23. Nd5 cxd5 24. exd5 Qf6 25. dxe6 fxe6 26. Rxe6 Qf8 27. Bd5 Kh8
28. Qxd4 Nf6 29. Rae1 1-0

[Event "2. Bundesliga Ost 2016/2017"]
[Site "alle Wien"]
[Date "2017.01.14"]
[Round "6"]
[Board "3"]
[White "Steiner, Johann"]
[Black "Dzierzenga, Stefan"]
[Result "0-1"]
[WhiteElo "2028"]
[BlackElo "2221"]
[PlyCount "36"]
[EventDate "2016.10.15"]
[EventType "team"]
[EventRounds "11"]
[EventCountry "AUT"]
[WhiteTeam "SK Austria"]
[BlackTeam "SK Advisory Invest Baden"]

1. e4 e6 2. d4 d5 3. exd5 exd5 4. Bd3 Nc6 5. c3 Bd6 6. Ne2 Nf6 7. Bg5 h6 8. Bh4
O-O 9. O-O Bxh2+ 10. Kxh2 Ng4+ 11. Kg3 g5 12. Rh1 gxh4+ 13. Rxh4 Ne3 14. Qh1
Qg5+ 15. Kf3 Bg4+ 16. Rxg4 Nxg4 17. Nf4 Nxf2 18. Qf1 Qg4+ 0-1

[Event "2. Bundesliga Ost 2016/2017"]
[Site "alle Wien"]
[Date "2017.01.14"]
[Round "6"]
[Board "4"]
[White "Vidic, Teja"]
[Black "Rogetzer, Klaus"]
[Result "0-1"]
[WhiteElo "2073"]
[BlackElo "2055"]
[PlyCount "84"]
[EventDate "2016.10.15"]
[EventType "team"]
[EventRounds "11"]
[EventCountry "AUT"]
[WhiteTeam "SK Advisory Invest Baden"]
[BlackTeam "SK Austria"]

1. e4 c6 2. d4 d5 3. f3 g6 4. Nc3 Bg7 5. Be3 dxe4 6. fxe4 Nf6 7. Nf3 O-O 8. Qd2
Qa5 9. Bd3 Nbd7 10. O-O e5 11. Kh1 Ng4 12. d5 Nxe3 13. Qxe3 Qc5 14. Qg5 h6 15.
Qg3 Nf6 16. dxc6 bxc6 17. Qxe5 Nd5 18. Qg3 Nxc3 19. bxc3 Qxc3 20. h4 h5 21.
Rae1 Bg4 22. Ng5 c5 23. e5 c4 24. Ne4 Bxe5 25. Qe3 Qd4 26. Qxd4 Bxd4 27. Bxc4
Rad8 28. Ng5 Rd7 29. Nxf7 Kg7 30. Ng5 Bf2 31. Ne6+ Bxe6 32. Rxe6 Rd4 33. Re7+
Kh6 34. g4 Rxg4 35. Bd3 Rxh4+ 36. Kg2 Rg4+ 37. Kh1 Rf3 38. Kh2 Bg1+ 39. Rxg1
Rf2+ 40. Kh3 Rxg1 41. Rxa7 h4 42. a4 Kg5 0-1

[Event "2. Bundesliga Ost 2016/2017"]
[Site "alle Wien"]
[Date "2017.01.14"]
[Round "6"]
[Board "5"]
[White "Pernerstorfer, Johannes"]
[Black "Ly, Dominik"]
[Result "1/2-1/2"]
[WhiteElo "1976"]
[BlackElo "2121"]
[PlyCount "88"]
[EventDate "2016.10.15"]
[EventType "team"]
[EventRounds "11"]
[EventCountry "AUT"]
[WhiteTeam "SK Austria"]
[BlackTeam "SK Advisory Invest Baden"]

1. e4 c5 2. Nf3 d6 3. d4 cxd4 4. Nxd4 Nf6 5. Bd3 Nc6 6. Nxc6 bxc6 7. c4 g6 8.
Nc3 Bg7 9. O-O O-O 10. h3 Rb8 11. Rb1 Nd7 12. Qc2 Nc5 13. Be3 Nxd3 14. Qxd3 Qa5
15. Bd4 Be6 16. Bxg7 Kxg7 17. b3 Rb4 18. Rbe1 Rd8 19. f4 f6 20. Re3 Qc5 21.
Rfe1 Rbb8 22. Kh1 a5 23. R1e2 Bf7 24. Qd2 e5 25. Na4 Qb4 26. Rc3 h6 27. Rf2 g5
28. fxg5 hxg5 29. Qe2 d5 30. exd5 cxd5 31. c5 Bg6 32. c6 Rbc8 33. Qa6 Qd6 34.
Qxa5 d4 35. Rc5 d3 36. Nc3 e4 37. Rd5 Rxc6 38. Rxd6 Rdxd6 39. Rd2 e3 40. Qa7+
Kh6 41. Qxe3 Rxc3 42. h4 Rc2 43. hxg5+ fxg5 44. Qe5 Rd8 1/2-1/2

[Event "2. Bundesliga Ost 2016/2017"]
[Site "alle Wien"]
[Date "2017.01.14"]
[Round "6"]
[Board "6"]
[White "Hofegger, Jakob"]
[Black "Iro, Christian"]
[Result "0-1"]
[WhiteElo "2072"]
[BlackElo "1947"]
[PlyCount "104"]
[EventDate "2016.10.15"]
[EventType "team"]
[EventRounds "11"]
[EventCountry "AUT"]
[WhiteTeam "SK Advisory Invest Baden"]
[BlackTeam "SK Austria"]

1. Nf3 Nf6 2. g3 e6 3. Bg2 d5 4. O-O Be7 5. d3 O-O 6. Nbd2 c5 7. e4 Nc6 8. Re1
b5 9. exd5 exd5 10. d4 c4 11. a4 b4 12. Ne5 Nxd4 13. Ndxc4 Ne6 14. a5 Ba6 15.
Ne3 Qc7 16. Nxd5 Nxd5 17. Bxd5 Rad8 18. Qf3 Bc5 19. c3 bxc3 20. bxc3 Bxf2+ 21.
Kxf2 Qc5+ 22. Be3 Qxd5 23. Qxd5 Rxd5 24. Nc6 Rd7 25. Rad1 Rb7 26. Rb1 Rc7 27.
Nxa7 Rxc3 28. Rec1 Ra3 29. Nc6 Ra2+ 30. Kg1 Bd3 31. Ra1 Re2 32. Re1 Rb2 33. a6
Be4 34. Ne5 Rg2+ 35. Kf1 f5 36. Bf2 Rxh2 37. a7 Ng5 38. Rxe4 fxe4 39. a8=Q
Rhxf2+ 40. Ke1 Rxa8 41. Rxa8+ Rf8 42. Rxf8+ Kxf8 43. Ke2 Ke7 44. Ke3 Ke6 45.
Kf4 Nf7 46. Nc4 Nd6 47. Ne3 h6 48. Kg4 Ke5 49. Kh5 Nf5 50. Ng4+ Ke6 51. Kg6 e3
52. Nh2 Nd4 0-1

[Event "2. Bundesliga Ost 2016/2017"]
[Site "alle Wien"]
[Date "2017.01.15"]
[Round "7"]
[Board "1"]
[White "Jankovic, Alojzije"]
[Black "Weinzettl, Ernst"]
[Result "1/2-1/2"]
[WhiteElo "2579"]
[BlackElo "2274"]
[PlyCount "33"]
[EventDate "2016.10.15"]
[EventType "team"]
[EventRounds "11"]
[EventCountry "AUT"]
[WhiteTeam "SK Advisory Invest Baden"]
[BlackTeam "ASVOE VHS Poechlarn"]

1. d4 Nf6 2. c4 g6 3. Nc3 Bg7 4. e4 d6 5. Nf3 O-O 6. Be2 e5 7. O-O c6 8. Qc2
exd4 9. Nxd4 Ng4 10. Nb3 f5 11. c5 dxc5 12. h3 Ne5 13. Nxc5 f4 14. Qb3+ Kh8 15.
Ne6 Bxe6 16. Qxe6 Nbd7 17. Rd1 1/2-1/2

[Event "2. Bundesliga Ost 2016/2017"]
[Site "alle Wien"]
[Date "2017.01.15"]
[Round "7"]
[Board "2"]
[White "Loeffler, Stefan"]
[Black "Sharashenidze, Akaki"]
[Result "1-0"]
[WhiteElo "2378"]
[BlackElo "2343"]
[PlyCount "73"]
[EventDate "2016.10.15"]
[EventType "team"]
[EventRounds "11"]
[EventCountry "AUT"]
[WhiteTeam "ASVOE VHS Poechlarn"]
[BlackTeam "SK Advisory Invest Baden"]

1. d4 d5 2. Bf4 c6 3. e3 Nf6 4. c4 e6 5. Nc3 Bd6 6. Bg3 O-O 7. Nf3 Ne4 8. Nxe4
dxe4 9. Nd2 f5 10. c5 Bc7 11. Nc4 Nd7 12. Be2 Nf6 13. Rc1 g5 14. Qd2 Nd5 15.
Bxc7 Qxc7 16. Nd6 Qg7 17. Bc4 Rb8 18. Bb3 Bd7 19. g3 Be8 20. h4 f4 21. Nxe4
fxe3 22. fxe3 gxh4 23. gxh4 Qg4 24. Bc2 Bg6 25. Qe2 Qf3 26. Rg1 Kh8 27. Rg3
Qh1+ 28. Kd2 Qxh4 29. Rg4 Qh6 30. Rcg1 e5 31. Nd6 exd4 32. Bxg6 Nxe3 33. Rg5
hxg6 34. Rxg6 Qh7 35. Qd3 Qh2+ 36. Kc1 Rf4 37. Qxd4+ 1-0

[Event "2. Bundesliga Ost 2016/2017"]
[Site "alle Wien"]
[Date "2017.01.15"]
[Round "7"]
[Board "3"]
[White "Dzierzenga, Stefan"]
[Black "Ganaus, Hannes"]
[Result "1/2-1/2"]
[WhiteElo "2221"]
[BlackElo "2277"]
[PlyCount "71"]
[EventDate "2016.10.15"]
[EventType "team"]
[EventRounds "11"]
[EventCountry "AUT"]
[WhiteTeam "SK Advisory Invest Baden"]
[BlackTeam "ASVOE VHS Poechlarn"]

1. e4 c6 2. d4 d5 3. e5 Bf5 4. h4 c5 5. Bb5+ Nc6 6. dxc5 Bd7 7. Bxc6 bxc6 8.
Qd4 e6 9. Nd2 Ne7 10. Nb3 Nf5 11. Qa4 h5 12. Nf3 Be7 13. Bd2 Qc7 14. Ba5 Qb7
15. Bc3 Rh6 16. Qb4 Qc7 17. Nbd4 Rb8 18. Qa3 Nxd4 19. Bxd4 Rg6 20. O-O-O Rb5
21. g3 Ra5 22. Qb3 Bxc5 23. Bxc5 Rxc5 24. Rd4 Rb5 25. Rb4 Rxb4 26. Qxb4 c5 27.
Qd2 Rg4 28. Re1 Bc6 29. Nh2 Ra4 30. a3 Qa5 31. Qxa5 Rxa5 32. Nf3 Rb5 33. Nd2 a5
34. Nb3 a4 35. Nd2 Ke7 36. Nb1 1/2-1/2

[Event "2. Bundesliga Ost 2016/2017"]
[Site "alle Wien"]
[Date "2017.01.15"]
[Round "7"]
[Board "4"]
[White "Wilke, Werner"]
[Black "Purgar, Ivona"]
[Result "1-0"]
[WhiteElo "2226"]
[BlackElo "2134"]
[PlyCount "100"]
[EventDate "2016.10.15"]
[EventType "team"]
[EventRounds "11"]
[EventCountry "AUT"]
[WhiteTeam "ASVOE VHS Poechlarn"]
[BlackTeam "SK Advisory Invest Baden"]

1. e4 c5 2. Nf3 e6 3. g3 d6 4. Bg2 Nf6 5. Qe2 Be7 6. O-O O-O 7. Rd1 Qc7 8. d4
cxd4 9. Nxd4 a6 10. c4 Nc6 11. Nc3 Bd7 12. Nxc6 bxc6 13. b3 Bc8 14. Bb2 Rb8 15.
f4 Nd7 16. Kh1 Bb7 17. Rd2 Rbd8 18. Rad1 Rfe8 19. h4 Bf8 20. Qf2 Nf6 21. Bf3 d5
22. e5 Nd7 23. cxd5 cxd5 24. Rc1 Qb8 25. Na4 Rc8 26. Rdc2 Rxc2 27. Rxc2 Rc8 28.
Bd4 Rc7 29. Qd2 Qc8 30. Bd1 Rxc2 31. Qxc2 Bc6 32. Be2 Qb7 33. Bd3 g6 34. Kh2
Bb5 35. Nb2 Ba3 36. Bxb5 Qxb5 37. Nd3 Be7 38. Kh3 Kg7 39. g4 f6 40. a4 Qa5 41.
b4 Qd8 42. Qc6 fxe5 43. Nxe5 Nxe5 44. Qxe6 Bf6 45. g5 Qd7 46. gxf6+ Kh6 47.
Qxd7 Nxd7 48. b5 axb5 49. axb5 g5 50. hxg5+ Kg6 1-0

[Event "2. Bundesliga Ost 2016/2017"]
[Site "alle Wien"]
[Date "2017.01.15"]
[Round "7"]
[Board "5"]
[White "Ly, Dominik"]
[Black "Ernst, Michael"]
[Result "1-0"]
[WhiteElo "2121"]
[BlackElo "2071"]
[PlyCount "81"]
[EventDate "2016.10.15"]
[EventType "team"]
[EventRounds "11"]
[EventCountry "AUT"]
[WhiteTeam "SK Advisory Invest Baden"]
[BlackTeam "ASVOE VHS Poechlarn"]

1. e4 e6 2. d4 d5 3. Nc3 Nf6 4. e5 Nfd7 5. f4 c5 6. Nf3 Nc6 7. Be3 cxd4 8. Nxd4
Bc5 9. Qd2 Nxd4 10. Bxd4 Bxd4 11. Qxd4 Qb6 12. Qd2 Nc5 13. O-O-O Bd7 14. h4
O-O-O 15. Qd4 Bc6 16. Be2 h5 17. g4 hxg4 18. Bxg4 Ne4 19. Qxb6 axb6 20. Nxe4
dxe4 21. h5 Rxd1+ 22. Rxd1 Rd8 23. Rxd8+ Kxd8 24. Kd2 Ke7 25. Ke3 f5 26. exf6+
Kxf6 27. c4 e5 28. b4 exf4+ 29. Kxf4 e3 30. Kxe3 Ke5 31. Bf3 Be8 32. Bxb7 Bxh5
33. a4 Bf7 34. Kd3 Kd6 35. Kd4 g5 36. a5 bxa5 37. bxa5 g4 38. a6 Kc7 39. Kc5 g3
40. Bg2 Bxc4 41. a7 1-0

[Event "2. Bundesliga Ost 2016/2017"]
[Site "alle Wien"]
[Date "2017.01.15"]
[Round "7"]
[Board "6"]
[White "Lammer, Stefan"]
[Black "Herndlbauer, Martin"]
[Result "1/2-1/2"]
[WhiteElo "2070"]
[BlackElo "2112"]
[PlyCount "60"]
[EventDate "2016.10.15"]
[EventType "team"]
[EventRounds "11"]
[EventCountry "AUT"]
[WhiteTeam "ASVOE VHS Poechlarn"]
[BlackTeam "SK Advisory Invest Baden"]

1. e4 d6 2. d4 Nf6 3. Nc3 e5 4. dxe5 dxe5 5. Qxd8+ Kxd8 6. Bc4 Ke8 7. Nf3 Bd6
8. O-O a6 9. Re1 b5 10. Bd3 Nbd7 11. Bg5 h6 12. Bd2 Bb7 13. Nh4 g6 14. f3 Kf8
15. g3 Kg7 16. Bf1 Rhd8 17. Rad1 Bc5+ 18. Be3 Bxe3+ 19. Rxe3 Nc5 20. Ree1 Ne6
21. Nb1 Kf8 22. c3 Ke8 23. Kf2 c5 24. Ng2 c4 25. b3 cxb3 26. axb3 Nc5 27. b4
Na4 28. Ne3 Rac8 29. Rxd8+ Rxd8 30. c4 Bc6 1/2-1/2

[Event "2. Bundesliga Ost 2016/2017"]
[Site "alle Wien"]
[Date "2017.01.15"]
[Round "7"]
[Board "1"]
[White "Juhasz, Armin"]
[Black "Hangweyrer, Manfred"]
[Result "1/2-1/2"]
[WhiteElo "2388"]
[BlackElo "2384"]
[PlyCount "45"]
[EventDate "2016.10.15"]
[EventType "team"]
[EventRounds "11"]
[EventCountry "AUT"]
[WhiteTeam "SK Sparkasse Bad Voeslau"]
[BlackTeam "SK Austria"]

1. d4 d5 2. c4 c6 3. Nf3 Nf6 4. e3 g6 5. Nc3 Bg7 6. Be2 O-O 7. O-O b6 8. cxd5
cxd5 9. b3 Bb7 10. Ba3 Nbd7 11. Rc1 Ne4 12. Qd3 a6 13. Nd2 f5 14. Ncxe4 fxe4
15. Qc3 Rc8 16. Qb4 Rxc1 17. Rxc1 e5 18. dxe5 Nxe5 19. Qe7 Qxe7 20. Bxe7 Rc8
21. Rxc8+ Bxc8 22. Bd8 b5 23. Bb6 1/2-1/2

[Event "2. Bundesliga Ost 2016/2017"]
[Site "alle Wien"]
[Date "2017.01.15"]
[Round "7"]
[Board "2"]
[White "Sardy, Peter"]
[Black "Juhasz, Kristof"]
[Result "1/2-1/2"]
[WhiteElo "2348"]
[BlackElo "2401"]
[PlyCount "71"]
[EventDate "2016.10.15"]
[EventType "team"]
[EventRounds "11"]
[EventCountry "AUT"]
[WhiteTeam "SK Austria"]
[BlackTeam "SK Sparkasse Bad Voeslau"]

1. e4 c6 2. d4 d5 3. Nd2 dxe4 4. Nxe4 Bf5 5. Qf3 e6 6. Ne2 Nd7 7. N2g3 Bg6 8.
h4 Ngf6 9. c3 Nxe4 10. Nxe4 Be7 11. h5 Bxe4 12. Qxe4 Nf6 13. Qf3 Qd5 14. Qxd5
Nxd5 15. g3 f5 16. Bd2 Kf7 17. O-O-O c5 18. dxc5 Bxc5 19. Rh2 Nf6 20. Bc4 Rac8
21. Bb3 Ne4 22. Re1 Nxd2 23. Kxd2 Rhe8 24. f3 Kf6 25. g4 Rcd8+ 26. Kc2 f4 27.
g5+ Kf5 28. Bc4 Be3 29. Rg2 Ke5 30. Bd3 Rh8 31. Ree2 Rd7 32. Rg4 Rc7 33. Re1
Rd7 34. Re2 Rc7 35. Re1 Rd7 36. Re2 1/2-1/2

[Event "2. Bundesliga Ost 2016/2017"]
[Site "alle Wien"]
[Date "2017.01.15"]
[Round "7"]
[Board "3"]
[White "Jovanovic, Dusan"]
[Black "Nagy, Bence"]
[Result "1-0"]
[WhiteElo "2375"]
[BlackElo "2305"]
[PlyCount "73"]
[EventDate "2016.10.15"]
[EventType "team"]
[EventRounds "11"]
[EventCountry "AUT"]
[WhiteTeam "SK Sparkasse Bad Voeslau"]
[BlackTeam "SK Austria"]

1. Nf3 d5 2. b3 Bg4 3. Bb2 Nd7 4. e3 Ngf6 5. Be2 Bxf3 6. Bxf3 e5 7. d3 e4 8.
Be2 c6 9. Nd2 Bc5 10. a3 Qe7 11. b4 Bb6 12. dxe4 Nxe4 13. Nxe4 dxe4 14. c4
O-O-O 15. Qc2 f5 16. O-O-O Bc7 17. Bd4 c5 18. Bc3 Be5 19. Rd5 Qf6 20. Kb2 cxb4
21. axb4 Bxc3+ 22. Qxc3 Qxc3+ 23. Kxc3 g6 24. g4 fxg4 25. Bxg4 Kc7 26. Rhd1 Nf6
27. Rxd8 Rxd8 28. Rxd8 Kxd8 29. Bh3 b6 30. b5 Ke7 31. Kd4 Kd6 32. Bc8 Kc7 33.
Ke5 Ne8 34. Bh3 Nd6 35. Kd5 Nf7 36. Bg2 Nh6 37. h3 1-0

[Event "2. Bundesliga Ost 2016/2017"]
[Site "alle Wien"]
[Date "2017.01.15"]
[Round "7"]
[Board "4"]
[White "Higatsberger, Michael"]
[Black "Grimm, Daniel"]
[Result "1/2-1/2"]
[WhiteElo "2159"]
[BlackElo "2346"]
[PlyCount "74"]
[EventDate "2016.10.15"]
[EventType "team"]
[EventRounds "11"]
[EventCountry "AUT"]
[WhiteTeam "SK Austria"]
[BlackTeam "SK Sparkasse Bad Voeslau"]

1. e4 Nf6 2. e5 Nd5 3. d4 d6 4. c4 Nb6 5. exd6 cxd6 6. Nc3 g6 7. Be3 Bg7 8. Rc1
O-O 9. b3 Bf5 10. Nf3 Bg4 11. Be2 d5 12. c5 Nc8 13. O-O Nc6 14. Ne5 Bxe2 15.
Qxe2 e6 16. Nxc6 bxc6 17. Qd2 Re8 18. b4 Ne7 19. Rb1 Nf5 20. Ne2 e5 21. Rb3 Qd7
22. dxe5 Bxe5 23. Ng3 Bxg3 24. hxg3 Nxe3 25. Rxe3 Rxe3 26. Qxe3 Re8 27. Qd3 Re4
28. a3 Qb7 29. f3 Re6 30. Rd1 Qc7 31. Kf2 Qe5 32. Qd2 Qb8 33. Re1 Rxe1 34. Qxe1
Qb5 35. Qe8+ Kg7 36. Qe5+ Kg8 37. Qe8+ Kg7 1/2-1/2

[Event "2. Bundesliga Ost 2016/2017"]
[Site "alle Wien"]
[Date "2017.01.15"]
[Round "7"]
[Board "5"]
[White "Lampl, Gerald"]
[Black "Pernerstorfer, Johannes"]
[Result "1/2-1/2"]
[WhiteElo "2082"]
[BlackElo "1976"]
[PlyCount "112"]
[EventDate "2016.10.15"]
[EventType "team"]
[EventRounds "11"]
[EventCountry "AUT"]
[WhiteTeam "SK Sparkasse Bad Voeslau"]
[BlackTeam "SK Austria"]

1. d4 c5 2. Nf3 cxd4 3. Nxd4 Nc6 4. c4 e5 5. Nb5 d6 6. e4 Be7 7. Be2 Nf6 8.
N1c3 a6 9. Na3 Nd4 10. Nc2 Nxc2+ 11. Qxc2 Be6 12. O-O Rc8 13. Qa4+ Qd7 14.
Qxd7+ Nxd7 15. Nd5 Bxd5 16. cxd5 Rc2 17. Bd3 Rc7 18. Be3 O-O 19. Rac1 Rfc8 20.
Be2 h6 21. Bg4 Rxc1 22. Rxc1 Rxc1+ 23. Bxc1 Nc5 24. Be3 b6 25. b4 Nxe4 26. Bxb6
Nc3 27. a3 Nxd5 28. Ba5 Bg5 29. Bc8 Bc1 30. Bb7 Nf6 31. Bxa6 Bxa3 32. b5 Bc5
33. b6 Nd7 34. b7 Ba7 35. Bb5 Nc5 36. Bb6 Bb8 37. Bc6 Ne6 38. Kf1 Kf8 39. g3
Ke7 40. Ke1 Nc7 41. Bxc7 Bxc7 42. Bd5 f5 43. f3 Kf6 44. Ke2 f4 45. g4 Kg5 46.
Kd3 g6 47. Ke4 h5 48. gxh5 gxh5 49. Bf7 h4 50. Be6 Kf6 51. Bg4 Bb8 52. Kd5 Ke7
53. Bf5 Kd8 54. Kc6 Ke8 55. Be4 Ke7 56. h3 Ke6 1/2-1/2

[Event "2. Bundesliga Ost 2016/2017"]
[Site "alle Wien"]
[Date "2017.01.15"]
[Round "7"]
[Board "6"]
[White "Iro, Christian"]
[Black "Haas, Bernhard"]
[Result "1-0"]
[WhiteElo "1947"]
[BlackElo "2013"]
[PlyCount "105"]
[EventDate "2016.10.15"]
[EventType "team"]
[EventRounds "11"]
[EventCountry "AUT"]
[WhiteTeam "SK Austria"]
[BlackTeam "SK Sparkasse Bad Voeslau"]

1. e4 e6 2. d4 d5 3. Nd2 c5 4. exd5 Qxd5 5. Ngf3 cxd4 6. Bc4 Qd6 7. O-O Nf6 8.
Nb3 Nc6 9. Nbxd4 Nxd4 10. Qxd4 Qxd4 11. Nxd4 a6 12. Bg5 Ne4 13. Be3 b5 14. Bb3
Bb7 15. c3 Be7 16. Rad1 Rd8 17. Rfe1 O-O 18. Bc2 b4 19. Bxe4 Bxe4 20. f3 Bd5
21. c4 Bb7 22. b3 Bf6 23. Kf2 Rd7 24. Nc2 Rfd8 25. Rxd7 Rxd7 26. Bc5 a5 27. Ke2
Be5 28. h3 Bc7 29. Rd1 Rxd1 30. Kxd1 e5 31. Ne3 g6 32. Ke2 f5 33. Nd5 Bxd5 34.
cxd5 Kf7 35. Kd3 Kf6 36. Kc4 e4 37. d6 Bd8 38. Kd5 exf3 39. gxf3 h5 40. f4 g5
41. fxg5+ Kxg5 42. Kc6 Kh4 43. Kd7 Bg5 44. Ke6 Kxh3 45. d7 Bd8 46. Kxf5 Kg2 47.
Ke6 Kf3 48. Be7 Bb6 49. d8=Q Bxd8 50. Bxd8 Ke4 51. Bxa5 h4 52. Bxb4 Kd4 53. Bd6
 1-0

[Event "2. Bundesliga Ost 2016/2017"]
[Site "alle Wien"]
[Date "2017.01.15"]
[Round "7"]
[Board "1"]
[White "Menezes, Christoph"]
[Black "Lipka, Juraj"]
[Result "1-0"]
[WhiteElo "2411"]
[BlackElo "2421"]
[PlyCount "89"]
[EventDate "2016.10.15"]
[EventType "team"]
[EventRounds "11"]
[EventCountry "AUT"]
[WhiteTeam "tschaturanga"]
[BlackTeam "ASVOE Pamhagen"]

1. d4 d5 2. c4 e6 3. Nf3 c6 4. Nbd2 Nf6 5. e3 c5 6. cxd5 exd5 7. Bb5+ Bd7 8.
Bxd7+ Nbxd7 9. O-O Bd6 10. b3 O-O 11. Bb2 Qe7 12. Rc1 Rac8 13. dxc5 Nxc5 14.
Qc2 Rc7 15. Qf5 Qe6 16. Nd4 Qe8 17. Rc2 Nce4 18. Nxe4 Qxe4 19. Qxe4 dxe4 20.
Rxc7 Bxc7 21. Nf5 Rd8 22. Bxf6 gxf6 23. g4 h5 24. h3 hxg4 25. hxg4 Be5 26. Rc1
b5 27. Rc5 a6 28. a4 Rb8 29. Rc6 Ra8 30. Kg2 Kh7 31. axb5 axb5 32. Rb6 Rg8 33.
Kh3 Rh8 34. Rxb5 Kg6+ 35. Kg2 Kg5 36. Ng3 Kxg4 37. Nxe4 Rh2+ 38. Kf1 Rh1+ 39.
Ke2 Rh2 40. Nc5 Bg3 41. Nd3 f5 42. b4 f4 43. exf4 Bxf4 44. Rd5 Bg3 45. b5 1-0

[Event "2. Bundesliga Ost 2016/2017"]
[Site "alle Wien"]
[Date "2017.01.15"]
[Round "7"]
[Board "2"]
[White "Vitouch, Anatol"]
[Black "Wcislo, Damian"]
[Result "0-1"]
[WhiteElo "2320"]
[BlackElo "2304"]
[PlyCount "76"]
[EventDate "2016.10.15"]
[EventType "team"]
[EventRounds "11"]
[EventCountry "AUT"]
[WhiteTeam "ASVOE Pamhagen"]
[BlackTeam "tschaturanga"]

1. Nf3 d5 2. g3 Bg4 3. Bg2 Nd7 4. c4 e6 5. cxd5 exd5 6. Nc3 Ngf6 7. O-O Be7 8.
d3 O-O 9. h3 Bxf3 10. Bxf3 c6 11. e4 dxe4 12. dxe4 Bc5 13. Qc2 Qe7 14. Re1 Ne5
15. Be2 Qe6 16. Kg2 Bxf2 17. Kxf2 Qxh3 18. Rg1 Nfg4+ 19. Bxg4 Qh2+ 20. Rg2
Nxg4+ 21. Kf1 Qh1+ 22. Rg1 Qf3+ 23. Ke1 Ne5 24. Qe2 Rad8 25. Bd2 Rd7 26. Qxf3
Nxf3+ 27. Ke2 Nxd2 28. Rgd1 Rfd8 29. Rac1 Nc4 30. Rxd7 Rxd7 31. Rc2 Ne5 32. Nd1
g6 33. Ne3 h5 34. Rc5 f6 35. Nc4 Rd4 36. Nd2 b6 37. Rc3 c5 38. Ra3 Rxd2+ 0-1

[Event "2. Bundesliga Ost 2016/2017"]
[Site "alle Wien"]
[Date "2017.01.15"]
[Round "7"]
[Board "5"]
[White "Morgunov, Daniel"]
[Black "Travenec, Igor"]
[Result "1/2-1/2"]
[WhiteElo "2092"]
[BlackElo "2173"]
[PlyCount "28"]
[EventDate "2016.10.15"]
[EventType "team"]
[EventRounds "11"]
[EventCountry "AUT"]
[WhiteTeam "tschaturanga"]
[BlackTeam "ASVOE Pamhagen"]

1. e4 e6 2. d4 d5 3. Nd2 Nf6 4. e5 Nfd7 5. Bd3 c5 6. c3 b6 7. Ne2 Ba6 8. Bxa6
Nxa6 9. O-O Be7 10. f4 g6 11. Nf3 Qc7 12. Be3 b5 13. a3 Nb6 14. b3 Qd7 1/2-1/2

[Event "2. Bundesliga Ost 2016/2017"]
[Site "alle Wien"]
[Date "2017.01.15"]
[Round "7"]
[Board "6"]
[White "Prinzjakowitsch, Bernhard"]
[Black "Leitner, Gerald"]
[Result "1/2-1/2"]
[WhiteElo "2180"]
[BlackElo "2160"]
[PlyCount "97"]
[EventDate "2016.10.15"]
[EventType "team"]
[EventRounds "11"]
[EventCountry "AUT"]
[WhiteTeam "ASVOE Pamhagen"]
[BlackTeam "tschaturanga"]

1. e4 d6 2. d4 Nf6 3. Nc3 g6 4. g3 Bg7 5. Bg2 O-O 6. Nge2 Nbd7 7. O-O c6 8. f4
e5 9. h3 Qb6 10. Kh2 exd4 11. Nxd4 Nxe4 12. Nxe4 d5 13. Be3 dxe4 14. Qd2 c5 15.
Nb3 Qc6 16. f5 b6 17. Bh6 Nf6 18. Bxg7 Kxg7 19. fxg6 fxg6 20. Qc3 Bb7 21. Rf4
Rae8 22. Re1 Kg8 23. Ref1 Nd7 24. Nd2 Rxf4 25. Rxf4 Qd6 26. Bxe4 Bxe4 27. Nxe4
Qe6 28. h4 Re7 29. Qd3 Kg7 30. c4 h6 31. b3 Qe5 32. Nc3 Nf6 33. Kg2 Rd7 34. Qf3
Rd2+ 35. Kh3 Qe6+ 36. g4 Rd4 37. Ne2 Rxf4 38. Nxf4 Qd7 39. Kg3 g5 40. hxg5 hxg5
41. Nd5 Qd6+ 42. Kg2 Nxd5 43. cxd5 Qf6 44. Qd3 Kf8 45. d6 Ke8 46. Qb5+ Kd8 47.
Qc6 Qb2+ 48. Kf3 Qf6+ 49. Kg2 1/2-1/2